| 000 | 00675nam a2200241Ia 4500 | ||
|---|---|---|---|
| 005 | 20260430150320.0 | ||
| 008 | 008 250103s9999 xx 000 0 eng d | ||
| 037 | _aTheses | ||
| 040 | _aCRL | ||
| 040 | _beng | ||
| 040 | _ceng | ||
| 041 | _2eng | ||
| 041 | _aeng | ||
| 084 | _qCRL | ||
| 100 |
_aPandey Anand Au.; Chamoli S.K. Gu. _91237122 |
||
| 245 | 0 | _aSearch for Exotic Nuclear Shapes at High Spins in Neutron Deficient Xe and I Nuclei with Mass A< 120 | |
| 260 | _c2023 | ||
| 300 | _a155 | ||
| 650 | _aScience | ||
| 700 |
_aUniversity of Delhi. Faculty of Science. Deptt. of Physics & Astrophysics _91237110 |
||
| 942 | _cTH | ||
| 999 |
_c1849489 _d1849489 |
||